Länder mit den meisten Arten - Statistiken

Allgemein
  • Dieses Quiz wurde 103 mal gespielt
  • Das Durchschnittsergebnis liegt bei 14 aus 20
Antwortstatistiken
# Arten Länder % Korrekt
59,851 Brasilien
94%
21,474 Vereinigte Staaten
92%
17,974 Australien
88%
34,687 China
87%
21,020 Indien
84%
12,468 Russland
81%
20,081 Peru
79%
28,836 Mexiko
76%
32,680 Indonesien
75%
54,649 Kolumbien
75%
23,429 Venezuela
75%
13,107 Demokratische Republik Kongo
72%
19,561 Bolivien
67%
13,340 Thailand
67%
22,065 Ecuador
64%
25,052 Südafrika
61%
12,034 Vietnam
60%
17,171 Malaysia
54%
13,115 Papua Neu Guinea
44%
13,630 Costa Rica
33%
Keine übereinstimmenden Quizze gefunden
Verteilung der Resultate
Anzahl Personen mit jedem Resultat
Perzentil nach korrekt beantworteten Fragen
Ihre Resultats-Entwicklung
Sie haben dieses Quiz noch nicht gespielt